Charithram:Padaroopangalum Prathyayasasthravum (Record no. 107805)

MARC details
000 -LEADER
fixed length control field 00369nam a2200121Ia 4500
008 - FIXED-LENGTH DATA ELEMENTS--GENERAL INFORMATION
fixed length control field 211119s9999||||xx |||||||||||||| ||und||
082 ## - DEWEY DECIMAL CLASSIFICATION NUMBER
Classification number 954
Item number ELA-C
100 ## - MAIN ENTRY--PERSONAL NAME
Personal name Elayidam, Sunil P
245 #0 - TITLE STATEMENT
Title Charithram:Padaroopangalum Prathyayasasthravum
260 ## - PUBLICATION, DISTRIBUTION, ETC.
Name of publisher, distributor, etc. Mathrubhoomi Books
Place of publication, distribution, etc. Kottayam
Date of publication, distribution, etc. 2004
650 ## - SUBJECT ADDED ENTRY--TOPICAL TERM
Topical term or geographic name entry element history
942 ## - ADDED ENTRY ELEMENTS (KOHA)
Koha item type BOOK
650 ## - SUBJECT ADDED ENTRY--TOPICAL TERM
Form subdivision gandhiEconomics
General subdivision PGR-GANDHIAN STUDIES
Holdings
Withdrawn status Lost status Damaged status Not for loan Home library Current library Date acquired Cost, normal purchase price Total Checkouts Full call number Barcode Shelving location Date last seen Price effective from Koha item type
        SB LIBRARY SB LIBRARY 19/11/2021 100.00   954 ELA-C 00121221 PGR-GANDHIAN STUDIES 19/11/2021 19/11/2021 BOOK

Powered by Koha